Statistics for Historical Timeline of Myanmar

Click here to take the quiz!

General Stats

  • This quiz has been taken 14 times
  • The average score is 9 of 12

Answer Stats

YearHintAnswer% Correct
849Paga_ KingdomPagan Kingdom
100%
1215Sha_ StatesShan States
100%
1364Av_ KingdomAva Kingdom
100%
1948B_____Burma
100%
1824B______ EmpireBritish Empire
91%
200 BCPy_ City-StatesPyu City-States
82%
1313Piny_ KingdomPinya Kingdom
73%
900Thaton (Mo_) KingdomThaton (Mon) Kingdom
64%
1510Toungo_ DynastyToungoo Dynasty
64%
1752Konbaun_ DynastyKonbaung Dynasty
64%
1297Myinsain_ KingdomMyinsaing Kingdom
55%
1287Hanthawad__ KingdomHanthawaddy Kingdom
45%

Score Distribution

Percentile by Number Answered

Percent of People with Each Score

Your Score History

You have not taken this quiz